000 00894cam a2200229 a 4500
001 000001485
003 DO-SdBNP
005 20240221090227.0
008 921208s1991 pr ac 000 0 spa
040 _aDO-SdBNP
_dBNPHU
_cspa
082 _a760.97295
_bP844ó
100 1 _aPorter, Liliana,
_d1941-
_94905
245 1 0 _aLiliana Porter :
_bObra gráfica, 1964-1990.
260 _aPuerto Rico :
_bComisión Puertorriqueña,
_c1991.
300 _axvi, 127 P. :
_bil., retrs. ;
_c25 cm.
500 _alX Bienal de San Juan del Grabado Latinoamericano y del Caribe. En conmemoración del encuentro de dos mundos : Centro de recepciones del gobierno, San Juan, Puerto Rico. 2 de marzo al 28 de mayo 1991.
650 4 _aArtes gráficas
_vObras ilustradas
_94906
650 4 _aPuerto rico
_94907
650 4 _aArte
_vExposiciones
_94908
910 _aCatalogación derivada / LC
942 _2ddc
_cLBS1
999 _c1391
_d1391